{"text_format":"3","workbook":"xlsx","n_sheets":3,"sheets":["Raw_data","Arkusz2","Arkusz1"],"not_rendered":{"defined_names":1,"pivot_tables":3},"read":"whole","date_system":"1900"}

{"sheet":"Raw_data","index":0,"n_rows":100,"n_cols":14,"rows_kept":100}
["ID_Firmy","Dostawca","Ilość Zamówienia","Jednostka zamówienia","Data dokumentu","Miesiąc","Nr Dokumentu","Wartość Jednostkowa","Wartość netto","Waluta","Zakupiony Towar - Nazwa","Towar - skrót","Kategoria zakupowa","Kategoria produkt"]
[10001,"Firma komputerowa 1",{"v":15,"d":"15.00"},"SZT","2015-03-13","2015-03","511/z/7342",{"v":3000,"d":"3000.00"},45000,"PLN","Laptop zx-3004",{"$f":"LEFT(K2,FIND(\" \",K2)-1)","v":"Laptop"},"Elektronika i Sprzęt IT","Komputer"]
[10001,"Firma komputerowa 1",{"v":15,"d":"15.00"},"SZT","2015-09-02","2015-09","946/z/6150",{"v":2500,"d":"2500.00"},37500,"PLN","Laptop xc-300",{"$f":"LEFT(K3,FIND(\" \",K3)-1)","v":"Laptop"},"Elektronika i Sprzęt IT","Komputer"]
[10001,"Firma komputerowa 1",{"v":15,"d":"15.00"},"SZT","2015-03-07","2015-03","400/z/8367",{"v":3300,"d":"3300.00"},49500,"PLN","Komputer stacjonarny XXX-43421","Komputer","Elektronika i Sprzęt IT","Komputer"]
[10001,"Firma komputerowa 1",{"v":45,"d":"45.00"},"SZT","2015-12-23","2015-12","125/z/4286",{"v":30,"d":"30.00"},1350,"PLN","Mysz bezprzewodowa zl-2034","Mysz","Elektronika i Sprzęt IT","Akcesoria Komputerowe"]
[10001,"Firma komputerowa 1",{"v":45,"d":"45.00"},"SZT","2015-04-04","2015-04","701/z/8121",{"v":30,"d":"30.00"},1350,"PLN","Klawiatura Rx-30","Klawiatura","Elektronika i Sprzęt IT","Akcesoria Komputerowe"]
[10002,"Firma komputerowa 2",{"v":90,"d":"90.00"},"M","2015-06-30","2015-06","923/z/9298",{"v":0.8,"d":"0.80"},72,"PLN","Kabel sieciowy RJ-45","Kabel","Elektronika i Sprzęt IT","Sieć komputerowa"]
[10002,"Firma komputerowa 2",{"v":90,"d":"90.00"},"M","2015-10-05","2015-10","464/z/3543",0.79,71.10000000000001,"PLN","Kabel sieciowy RJ-25","Kabel","Elektronika i Sprzęt IT","Sieć komputerowa"]
[10002,"Firma komputerowa 2",{"v":90,"d":"90.00"},"M","2015-12-03","2015-12","189/z/5384",0.76,68.4,"PLN","Kabel sieciowy RJ-85","Kabel","Elektronika i Sprzęt IT","Sieć komputerowa"]
[10003,"Firma komputerowa 3",{"v":45,"d":"45.00"},"SZT","2015-08-15","2015-08","524/z/7561",{"v":20,"d":"20.00"},900,"PLN","Podstawka pod Laptop x-2006","Podstawka","Elektronika i Sprzęt IT","Akcesoria Komputerowe"]
[10003,"Firma komputerowa 3",{"v":45,"d":"45.00"},"SZT","2015-12-11","2015-12","524/z/7561",{"v":15,"d":"15.00"},675,"PLN","Podkładka pod Mysz Razior","Podkładka","Elektronika i Sprzęt IT","Akcesoria Komputerowe"]
[10003,"Firma komputerowa 3",{"v":15,"d":"15.00"},"SZT","2015-03-01","2015-03","822/z/5435",{"v":100,"d":"100.00"},1500,"PLN","Bateria Laptopa xc-300","Bateria","Elektronika i Sprzęt IT","Akcesoria Komputerowe"]
[10003,"Firma komputerowa 3",{"v":45,"d":"45.00"},"SZT","2015-10-25","2015-10","188/z/3781",{"v":40,"d":"40.00"},1800,"PLN","Pendrive 16gb","Pendrive","Elektronika i Sprzęt IT","Akcesoria Komputerowe"]
[10003,"Firma komputerowa 3",{"v":15,"d":"15.00"},"SZT","2015-05-18","2015-05","641/z/6566",{"v":120,"d":"120.00"},1800,"PLN","Zasilacz laptopa zx-3004","Zasilacz","Elektronika i Sprzęt IT","Akcesoria Komputerowe"]
[10003,"Firma komputerowa 3",{"v":10,"d":"10.00"},"SZT","2015-11-10","2015-11","684/z/5536",{"v":300,"d":"300.00"},3000,"PLN","Dysk Zewnętrzny 1TB","Dysk","Elektronika i Sprzęt IT","Akcesoria Komputerowe"]
[10003,"Firma komputerowa 3",{"v":8,"d":"8.00"},"SZT","2015-07-01","2015-07","889/z/8545",{"v":490,"d":"490.00"},3920,"PLN","Dysk Zewnętrzny 2TB","Dysk","Elektronika i Sprzęt IT","Akcesoria Komputerowe"]
[10003,"Firma komputerowa 3",{"v":6,"d":"6.00"},"SZT","2015-05-08","2015-05","226/z/9992",{"v":600,"d":"600.00"},3600,"PLN","Dysk Zewnętrzny 4TB","Dysk","Elektronika i Sprzęt IT","Akcesoria Komputerowe"]
[10003,"Firma komputerowa 3",{"v":4,"d":"4.00"},"SZT","2015-08-19","2015-08","852/z/8237",{"v":300,"d":"300.00"},1200,"PLN","Router DenLink-200","Router","Elektronika i Sprzęt IT","Sieć komputerowa"]
[10004,"Firma komputerowa 4",{"v":5,"d":"5.00"},"SZT","2015-09-22","2015-09","755/z/8486",{"v":350,"d":"350.00"},1750,"PLN","Router DenLink-260","Router","Elektronika i Sprzęt IT","Sieć komputerowa"]
[10004,"Firma komputerowa 4",{"v":4,"d":"4.00"},"SZT","2015-09-10","2015-09","245/z/4938",{"v":650,"d":"650.00"},2600,"PLN","Drukarka HF-200","Drukarka","Elektronika i Sprzęt IT","Akcesoria Komputerowe"]
[10004,"Firma komputerowa 4",{"v":9,"d":"9.00"},"SZT","2015-03-22","2015-03","521/z/5677",{"v":590,"d":"590.00"},5310,"PLN","Monitor 21\" SandMax","Monitor","Elektronika i Sprzęt IT","Akcesoria Komputerowe"]
[10004,"Firma komputerowa 4",{"v":10,"d":"10.00"},"SZT","2015-12-22","2015-12","890/z/6109",{"v":89,"d":"89.00"},890,"PLN","Pendrive 64GB","Pendrive","Elektronika i Sprzęt IT","Akcesoria Komputerowe"]
[10004,"Firma komputerowa 4",{"v":2,"d":"2.00"},"SZT","2015-12-25","2015-12","497/z/8919",{"v":3000,"d":"3000.00"},6000,"PLN","Rzutnik Manix","Rzutnik","Elektronika i Sprzęt IT","Akcesoria Komputerowe"]
[10004,"Firma komputerowa 4",{"v":15,"d":"15.00"},"SZT","2015-12-25","2015-12","422/z/8919",{"v":490,"d":"490.00"},7350,"PLN","System Operacyjny ManD","System","Elektronika i Sprzęt IT","Akcesoria Komputerowe"]
[10004,"Firma komputerowa 4",{"v":2,"d":"2.00"},"SZT","2015-12-27","2015-12","891/z/5897",{"v":200,"d":"200.00"},400,"PLN","Lampa Rzutnika Manix","Lampa","Elektronika i Sprzęt IT","Akcesoria Komputerowe"]
[10005,"Firma - dostawca hostingu 1",{"v":1,"d":"1.00"},"USŁ","2015-10-23","2015-10","508/z/7305",{"v":250,"d":"250.00"},250,"PLN","Hosting 3gb","Hosting","Telekomunikacja","Usługi internetowe"]
[10005,"Firma - dostawca hostingu 1",{"v":1,"d":"1.00"},"USŁ","2015-09-27","2015-09","503/z/2023",{"v":100,"d":"100.00"},100,"PLN","Domena WWW","Domena","Telekomunikacja","Usługi internetowe"]
[10005,"Firma - dostawca hostingu 1",{"v":1,"d":"1.00"},"USŁ","2015-04-08","2015-04","332/z/3051",{"v":130,"d":"130.00"},130,"PLN","Transfer dodatkowy 6gb","Transfer","Telekomunikacja","Usługi internetowe"]
[10005,"Firma - dostawca hostingu 1",{"v":1,"d":"1.00"},"USŁ","2015-06-14","2015-06","213/z/5060",{"v":100,"d":"100.00"},100,"PLN","Certyfikat SSL","Certyfikat","Telekomunikacja","Usługi internetowe"]
[10006,"Firma - dostawca hostingu 2",{"v":1,"d":"1.00"},"USŁ","2015-09-09","2015-09","422/z/2040",{"v":450,"d":"450.00"},450,"PLN","VPS Serwer ","VPS","Telekomunikacja","Usługi internetowe"]
[10006,"Firma - dostawca hostingu 2",{"v":1,"d":"1.00"},"USŁ","2015-11-27","2015-11","602/z/9500",{"v":450,"d":"450.00"},450,"PLN","VPS BackUp ","VPS","Telekomunikacja","Usługi internetowe"]
[10007,"Firma Artykuły biurowe 1",{"v":30,"d":"30.00"},"SZT","2015-01-14","2015-01","511/z/4852",{"v":1,"d":"1.00"},30,"PLN","Długopis","Długopis","Artykuły biurowe","Akcesoria biurowe"]
[10007,"Firma Artykuły biurowe 1",{"v":35,"d":"35.00"},"SZT","2015-08-26","2015-08","923/z/8648",{"v":0.7,"d":"0.70"},24.5,"PLN","Ołówek","Ołówek","Artykuły biurowe","Akcesoria biurowe"]
[10007,"Firma Artykuły biurowe 1",{"v":50,"d":"50.00"},"SZT","2015-11-18","2015-11","480/z/9564",{"v":2.2,"d":"2.20"},110.00000000000001,"PLN","Zeszyt","Zeszyt","Artykuły biurowe","Akcesoria biurowe"]
[10007,"Firma Artykuły biurowe 1",{"v":10,"d":"10.00"},"SZT","2015-09-26","2015-09","624/z/2250",{"v":1.5,"d":"1.50"},15,"PLN","Taśmy klejące 14m","Taśmy","Artykuły biurowe","Akcesoria biurowe"]
[10007,"Firma Artykuły biurowe 1",{"v":8,"d":"8.00"},"SZT","2015-10-07","2015-10","851/z/5717",{"v":2.2,"d":"2.20"},17.6,"PLN","Taśmy przezroczyste","Taśmy","Artykuły biurowe","Akcesoria biurowe"]
[10007,"Firma Artykuły biurowe 1",{"v":3,"d":"3.00"},"SZT","2015-09-08","2015-09","520/z/9622",{"v":3,"d":"3.00"},9,"PLN","Nożyczki","Nożyczki","Artykuły biurowe","Akcesoria biurowe"]
[10008,"Firma Artykuły biurowe 2",{"v":5,"d":"5.00"},"SZT","2015-02-06","2015-02","311/z/8887",{"v":4.5,"d":"4.50"},22.5,"PLN","Marker czarny","Marker","Artykuły biurowe","Akcesoria biurowe"]
[10008,"Firma Artykuły biurowe 2",{"v":5,"d":"5.00"},"SZT","2015-01-09","2015-01","542/z/7335",{"v":4.9,"d":"4.90"},24.5,"PLN","Marker czerwony","Marker","Artykuły biurowe","Akcesoria biurowe"]
[10008,"Firma Artykuły biurowe 2",{"v":5,"d":"5.00"},"SZT","2015-04-02","2015-04","650/z/7660",{"v":4.9,"d":"4.90"},24.5,"PLN","Marker zielony","Marker","Artykuły biurowe","Akcesoria biurowe"]
[10008,"Firma Artykuły biurowe 2",{"v":40,"d":"40.00"},"SZT","2015-10-12","2015-10","135/z/8505",{"v":15,"d":"15.00"},600,"PLN","ryza papieru A4","ryza","Artykuły biurowe","Akcesoria biurowe"]
[10009,"Firma Artykuły biurowe 3",{"v":10,"d":"10.00"},"SZT","2015-01-22","2015-01","618/z/9720",{"v":1,"d":"1.00"},10,"PLN","Długopis","Długopis","Artykuły biurowe","Akcesoria biurowe"]
[10009,"Firma Artykuły biurowe 3",{"v":30,"d":"30.00"},"SZT","2015-11-08","2015-11","188/z/3207",{"v":2.9,"d":"2.90"},87,"PLN","Notes","Notes","Artykuły biurowe","Akcesoria biurowe"]
[10009,"Firma Artykuły biurowe 3",{"v":20,"d":"20.00"},"SZT","2015-05-07","2015-05","118/z/1229",{"v":9.9,"d":"9.90"},198,"PLN","Kalendarz","Kalendarz","Artykuły biurowe","Akcesoria biurowe"]
[10010,"Firma Artykuły biurowe 4",{"v":20,"d":"20.00"},"SZT","2015-10-01","2015-10","429/z/2266",{"v":12,"d":"12.00"},240,"PLN","Ręczniki Papierowe","Ręczniki","Artykuły biurowe","Akcesoria biurowe"]
[10010,"Firma Artykuły biurowe 4",{"v":5,"d":"5.00"},"SZT","2015-01-07","2015-01","871/z/6234",{"v":10,"d":"10.00"},50,"PLN","Zszywacz","Zszywacz","Artykuły biurowe","Akcesoria biurowe"]
[10010,"Firma Artykuły biurowe 4",{"v":15,"d":"15.00"},"SZT","2015-07-11","2015-07","730/z/6041",{"v":1.1,"d":"1.10"},16.5,"PLN","Długopis","Długopis","Artykuły biurowe","Akcesoria biurowe"]
[10011,"Firma Artykuły biurowe 5",{"v":3,"d":"3.00"},"SZT","2015-08-03","2015-08","983/z/6953",{"v":1.5,"d":"1.50"},4.5,"PLN","Taśmy klejące 14m","Taśmy","Artykuły biurowe","Akcesoria biurowe"]
[10011,"Firma Artykuły biurowe 5",{"v":3,"d":"3.00"},"SZT","2015-01-29","2015-01","635/z/7348",{"v":2.4,"d":"2.40"},7.199999999999999,"PLN","Taśmy przezroczyste","Taśmy","Artykuły biurowe","Akcesoria biurowe"]
[10011,"Firma Artykuły biurowe 5",{"v":4,"d":"4.00"},"SZT","2015-10-13","2015-10","582/z/7918",{"v":2.5,"d":"2.50"},10,"PLN","Bateria LR6   AA+","Bateria","Artykuły biurowe","Akcesoria biurowe"]
[10012,"Firma Artykuły biurowe 6",{"v":5,"d":"5.00"},"SZT","2015-11-15","2015-11","220/z/3036",{"v":2.6,"d":"2.60"},13,"PLN","Bateria LR6   AA+","Bateria","Artykuły biurowe","Akcesoria biurowe"]
[10012,"Firma Artykuły biurowe 6",{"v":7,"d":"7.00"},"SZT","2015-12-01","2015-12","167/z/5857",{"v":2.9,"d":"2.90"},20.3,"PLN","Bateria LR6   AA+","Bateria","Artykuły biurowe","Akcesoria biurowe"]
[10013,"Firma Artykuły biurowe 7",{"v":10,"d":"10.00"},"SZT","2015-08-12","2015-08","937/z/1057",{"v":1.4,"d":"1.40"},14,"PLN","Długopis","Długopis","Artykuły biurowe","Akcesoria biurowe"]
[10013,"Firma Artykuły biurowe 7",{"v":10,"d":"10.00"},"SZT","2015-06-06","2015-06","682/z/9408",{"v":2,"d":"2.00"},20,"PLN","Bateria LR03","Bateria","Artykuły biurowe","Akcesoria biurowe"]
[10013,"Firma Artykuły biurowe 7",{"v":10,"d":"10.00"},"SZT","2015-02-03","2015-02","356/z/7052",{"v":2.1,"d":"2.10"},21,"PLN","Bateria LR6","Bateria","Artykuły biurowe","Akcesoria biurowe"]
[10013,"Firma Artykuły biurowe 7",{"v":10,"d":"10.00"},"SZT","2015-02-19","2015-02","931/z/2310",2.05,20.5,"PLN","Bateria LR6","Bateria","Artykuły biurowe","Akcesoria biurowe"]
[10013,"Firma Artykuły biurowe 7",{"v":10,"d":"10.00"},"SZT","2015-05-22","2015-05","958/z/2015",{"v":1.9,"d":"1.90"},19,"PLN","Bateria LR03","Bateria","Artykuły biurowe","Akcesoria biurowe"]
[10014,"Firma Artykuły biurowe 8",{"v":15,"d":"15.00"},"SZT","2015-03-16","2015-03","907/z/8427",{"v":15,"d":"15.00"},225,"PLN","Ryza papieru A4","Ryza","Artykuły biurowe","Akcesoria biurowe"]
[10015,"Firma z produktami BHP 1",{"v":1,"d":"1.00"},"SZT","2015-12-18","2015-12","129/z/9384",{"v":40,"d":"40.00"},40,"PLN","Gaśnica","Gaśnica","BHP","BHP"]
[10015,"Firma z produktami BHP 1",{"v":2,"d":"2.00"},"SZT","2015-07-15","2015-07","435/z/3769",{"v":65,"d":"65.00"},130,"PLN","Apteczka biurowa","Apteczka","BHP","BHP"]
[10015,"Firma z produktami BHP 1",{"v":20,"d":"20.00"},"SZT","2015-11-04","2015-11","268/z/6784",{"v":10,"d":"10.00"},200,"PLN","Czyściwo","Czyściwo","BHP","BHP"]
[10015,"Firma z produktami BHP 1",{"v":5,"d":"5.00"},"SZT","2015-10-27","2015-10","985/z/6760",{"v":10,"d":"10.00"},50,"PLN","Czyściwo","Czyściwo","BHP","BHP"]
[10016,"Firma z produktami BHP 2",{"v":20,"d":"20.00"},"SZT","2015-07-21","2015-07","124/z/7349",{"v":10,"d":"10.00"},200,"PLN","Czyściwo","Czyściwo","BHP","BHP"]
[10016,"Firma z produktami BHP 2",{"v":1,"d":"1.00"},"SZT","2015-05-11","2015-05","498/z/5738",{"v":73,"d":"73.00"},73,"PLN","Apteczka Samochodowa","Apteczka","BHP","BHP"]
[10016,"Firma z produktami BHP 2",{"v":1,"d":"1.00"},"SZT","2015-09-17","2015-09","982/z/9892",{"v":73,"d":"73.00"},73,"PLN","Apteczka Samochodowa","Apteczka","BHP","BHP"]
[10016,"Firma z produktami BHP 2",{"v":1,"d":"1.00"},"SZT","2015-11-09","2015-11","434/z/4772",{"v":73,"d":"73.00"},73,"PLN","Apteczka Samochodowa","Apteczka","BHP","BHP"]
[10016,"Firma z produktami BHP 2",{"v":3,"d":"3.00"},"SZT","2015-08-17","2015-08","913/z/3457",{"v":65,"d":"65.00"},195,"PLN","Apteczka biurowa",{"$f":"LEFT(K67,FIND(\" \",K67)-1)","v":"Apteczka"},"BHP","BHP"]
[10017,"Firma z produktami BHP 3",{"v":2,"d":"2.00"},"SZT","2015-05-17","2015-05","908/z/7955",{"v":40,"d":"40.00"},80,"PLN","Gaśnica","Gaśnica","BHP","BHP"]
[10017,"Firma z produktami BHP 3",{"v":1,"d":"1.00"},"SZT","2015-03-24","2015-03","764/z/3427",{"v":65,"d":"65.00"},65,"PLN","Apteczka biurowa","Apteczka","BHP","BHP"]
[10017,"Firma z produktami BHP 3",{"v":1,"d":"1.00"},"SZT","2015-06-28","2015-06","703/z/4225",{"v":49,"d":"49.00"},49,"PLN","Gaśnica","Gaśnica","BHP","BHP"]
[10017,"Firma z produktami BHP 3",{"v":1,"d":"1.00"},"SZT","2015-05-03","2015-05","364/z/5284",{"v":72,"d":"72.00"},72,"PLN","Apteczka samochodowa","Apteczka","BHP","BHP"]
[10018,"Firma z produktami BHP 4",{"v":1,"d":"1.00"},"SZT","2015-03-10","2015-03","346/z/2710",{"v":50,"d":"50.00"},50,"PLN","Gaśnica","Gaśnica","BHP","BHP"]
[10018,"Firma z produktami BHP 4",{"v":1,"d":"1.00"},"SZT","2015-02-07","2015-02","817/z/1654",{"v":10,"d":"10.00"},10,"PLN","Tablice informacyjne BHP","Tablice","BHP","BHP"]
[10018,"Firma z produktami BHP 4",{"v":1,"d":"1.00"},"SZT","2015-11-02","2015-11","467/z/3399",{"v":49,"d":"49.00"},49,"PLN","Gaśnica","Gaśnica","BHP","BHP"]
[10019,"Firma z produktami BHP 5",{"v":1,"d":"1.00"},"SZT","2015-07-27","2015-07","740/z/1443",{"v":72,"d":"72.00"},72,"PLN","Apteczka biurowa","Apteczka","BHP","BHP"]
[10019,"Firma z produktami BHP 5",{"v":1,"d":"1.00"},"SZT","2015-10-24","2015-10","365/z/2934",{"v":7,"d":"7.00"},7,"PLN","Tablice informacyjne BHP","Tablice","BHP","BHP"]
[10019,"Firma z produktami BHP 5",{"v":5,"d":"5.00"},"SZT","2015-04-12","2015-04","957/z/7332",{"v":15,"d":"15.00"},75,"PLN","Latarka","Latarka","BHP","BHP"]
[10019,"Firma z produktami BHP 5",{"v":5,"d":"5.00"},"SZT","2015-12-30","2015-12","535/z/2213",{"v":15,"d":"15.00"},75,"PLN","Latarka","Latarka","BHP","BHP"]
[10019,"Firma z produktami BHP 5",{"v":1,"d":"1.00"},"SZT","2015-08-24","2015-08","195/z/4432",{"v":15,"d":"15.00"},15,"PLN","Latarka","Latarka","BHP","BHP"]
[10019,"Firma z produktami BHP 5",{"v":1,"d":"1.00"},"SZT","2015-10-08","2015-10","728/z/2858",{"v":13,"d":"13.00"},13,"PLN","Gaśnica","Gaśnica","BHP","BHP"]
[10020,"Firma Reklamowa 1",{"v":10000,"d":"10000.00"},"SZT","2015-02-09","2015-02","348/z/8107",0.004,40,"PLN","Wizytówki","Wizytówki","Reklama","Reklama i promocja"]
[10020,"Firma Reklamowa 1",{"v":20000,"d":"20000.00"},"SZT","2015-05-14","2015-05","978/z/7100",{"v":0.009,"d":"0.01"},180,"PLN","Ulotki a5","Ulotki","Reklama","Reklama i promocja"]
[10021,"Firma Reklamowa 2",{"v":150,"d":"150.00"},"SZT","2015-04-23","2015-04","438/z/2138",{"v":15,"d":"15.00"},2250,"PLN","Pendrive 4gb z logo","Pendrive","Reklama","Reklama i promocja"]
[10022,"Firma Energetyczna 1",{"v":1000,"d":"1000.00"},"MWh","2015-06-07","2015-06","308/z/8950",{"v":240,"d":"240.00"},240000,"PLN","Energia ","Energia","Energia","Energia"]
[10024,"Firma projektująca strony WWW 1",{"v":1,"d":"1.00"},"USŁ","2015-03-02","2015-03","150/z/2004",{"v":6000,"d":"6000.00"},6000,"PLN","Serwis Projekt WWW","Serwis","Usługi Informatyczne","Usługi internetowe"]
[10024,"Firma projektująca strony WWW 1",{"v":4,"d":"4.00"},"USŁ","2015-01-06","2015-01","709/z/8332",{"v":1000,"d":"1000.00"},4000,"PLN","Szablon Aukcji","Szablon","Usługi Informatyczne","Usługi internetowe"]
[10024,"Firma projektująca strony WWW 1",{"v":1,"d":"1.00"},"USŁ","2015-06-16","2015-06","150/z/2181",{"v":500,"d":"500.00"},500,"PLN","Fanpage","Fanpage","Usługi Informatyczne","Usługi internetowe"]
[10025,"Firma wyposażenie wnętrz 1",{"v":15,"d":"15.00"},"SZT","2015-04-21","2015-04","647/z/9086",{"v":1120,"d":"1120.00"},16800,"PLN","Krzesło komputerowe","Krzesło","Meble i wyposażenie wnętrz","Krzesła i siedziska"]
[10025,"Firma wyposażenie wnętrz 1",{"v":15,"d":"15.00"},"SZT","2015-11-17","2015-11","168/z/2810",{"v":1300,"d":"1300.00"},19500,"PLN","Stół komputerowy","Stół","Meble i wyposażenie wnętrz","Stoły i biurka"]
[10025,"Firma wyposażenie wnętrz 1",{"v":2,"d":"2.00"},"SZT","2015-09-29","2015-09","181/z/1656",{"v":1500,"d":"1500.00"},3000,"PLN","Kanapa","Kanapa","Meble i wyposażenie wnętrz","Krzesła i siedziska"]
[10025,"Firma wyposażenie wnętrz 1",{"v":5,"d":"5.00"},"SZT","2015-06-10","2015-06","223/z/3740",{"v":700,"d":"700.00"},3500,"PLN","Szafa Drewniana","Szafa","Meble i wyposażenie wnętrz","Pojemniki i szafy"]
[10026,"Firma wyposażenie wnętrz 2",{"v":2,"d":"2.00"},"SZT","2015-12-28","2015-12","154/z/4693",{"v":1600,"d":"1600.00"},3200,"PLN","Stół konferencyjny","Stół","Meble i wyposażenie wnętrz","Stoły i biurka"]
[10026,"Firma wyposażenie wnętrz 2",{"v":5,"d":"5.00"},"SZT","2015-11-23","2015-11","737/z/5087",{"v":560,"d":"560.00"},2800,"PLN","Szafa metalowa","Szafa","Meble i wyposażenie wnętrz","Pojemniki i szafy"]
[10026,"Firma wyposażenie wnętrz 2",{"v":150,"d":"150.00"},"M","2015-03-11","2015-03","453/z/1627",{"v":33,"d":"33.00"},4950,"PLN","Wykładzina","Wykładzina","Meble i wyposażenie wnętrz","Wykładziny i pokrycia powierzchni"]
[10026,"Firma wyposażenie wnętrz 2",{"v":20,"d":"20.00"},"M","2015-05-10","2015-05","803/z/2619",{"v":79,"d":"79.00"},1580,"PLN","Ściany działowe","Ściany","Meble i wyposażenie wnętrz","Inne"]
[10026,"Firma wyposażenie wnętrz 2",{"v":1,"d":"1.00"},"SZT","2015-04-24","2015-04","955/z/4335",{"v":1300,"d":"1300.00"},1300,"PLN","Lada recepcyjna","Lada","Meble i wyposażenie wnętrz","Stoły i biurka"]
[10026,"Firma wyposażenie wnętrz 2",{"v":20,"d":"20.00"},"SZT","2015-09-03","2015-09","587/z/9679",{"v":59,"d":"59.00"},1180,"PLN","Lampa biurkowa","Lampa","Meble i wyposażenie wnętrz","Oświetlenie"]
[10026,"Firma wyposażenie wnętrz 2",{"v":10,"d":"10.00"},"SZT","2015-01-02","2015-01","632/z/5572",{"v":50,"d":"50.00"},500,"PLN","Lampa biurowa","Lampa","Meble i wyposażenie wnętrz","Oświetlenie"]
[10026,"Firma wyposażenie wnętrz 2",{"v":5,"d":"5.00"},"SZT","2015-11-06","2015-11","139/z/9191",{"v":400,"d":"400.00"},2000,"PLN","Stół","Stół","Meble i wyposażenie wnętrz","Stoły i biurka"]
[10026,"Firma wyposażenie wnętrz 2",{"v":5,"d":"5.00"},"SZT","2015-09-14","2015-09","795/z/1170",{"v":1100,"d":"1100.00"},5500,"PLN","Krzesło komputerowe","Krzesło","Meble i wyposażenie wnętrz","Krzesła i siedziska"]

{"sheet":"Arkusz2","index":1,"n_rows":69,"n_cols":24,"rows_kept":69}
[]
[]
[]
[]
[]
[{"$nulls":7},"Etykiety wierszy","Suma z Ilość Zamówienia","Suma z Wartość netto"]
[{"$nulls":7},"Energia",1000,{"v":240000,"d":"240,000.00 zł"}]
[{"$nulls":7},"Energia",1000,{"v":240000,"d":"240,000.00 zł"},{"$nulls":12},"Etykiety wierszy","Suma z Wartość netto"]
[{"$nulls":7},"Elektronika i Sprzęt IT",645,{"v":177606.5,"d":"177,606.50 zł"},{"$nulls":12},"Energia",{"v":240000,"d":"240,000.00 zł"}]
[{"$nulls":7},"Bateria",15,{"v":1500,"d":"1,500.00 zł"},{"$nulls":12},"Elektronika i Sprzęt IT",{"v":177606.5,"d":"177,606.50 zł"}]
[{"$nulls":7},"Drukarka",4,{"v":2600,"d":"2,600.00 zł"},{"$nulls":12},"Meble i wyposażenie wnętrz",{"v":65810,"d":"65,810.00 zł"}]
[{"$nulls":7},"Dysk",24,{"v":10520,"d":"10,520.00 zł"},{"$nulls":12},"Usługi Informatyczne",{"v":10500,"d":"10,500.00 zł"}]
[{"$nulls":7},"Kabel",270,{"v":211.50000000000003,"d":"211.50 zł"},{"$nulls":12},"Reklama",{"v":2470,"d":"2,470.00 zł"}]
[{"$nulls":7},"Klawiatura",45,{"v":1350,"d":"1,350.00 zł"},{"$nulls":12},"Artykuły biurowe",{"v":1853.6,"d":"1,853.60 zł"}]
[{"$nulls":7},"Komputer",15,{"v":49500,"d":"49,500.00 zł"},{"$nulls":12},"BHP",{"v":1666,"d":"1,666.00 zł"}]
[{"$nulls":7},"Lampa",2,{"v":400,"d":"400.00 zł"},{"$nulls":12},"Telekomunikacja",{"v":1480,"d":"1,480.00 zł"}]
[{"$nulls":7},"Laptop",30,{"v":82500,"d":"82,500.00 zł"},{"$nulls":12},"Suma końcowa",{"v":501386.1,"d":"501,386.10 zł"}]
[{"$nulls":7},"Monitor",9,{"v":5310,"d":"5,310.00 zł"}]
[{"$nulls":7},"Mysz",45,{"v":1350,"d":"1,350.00 zł"}]
[{"$nulls":7},"Pendrive",55,{"v":2690,"d":"2,690.00 zł"}]
[{"$nulls":7},"Podkładka",45,{"v":675,"d":"675.00 zł"}]
[{"$nulls":7},"Podstawka",45,{"v":900,"d":"900.00 zł"}]
[{"$nulls":7},"Router",9,{"v":2950,"d":"2,950.00 zł"}]
[{"$nulls":7},"Rzutnik",2,{"v":6000,"d":"6,000.00 zł"}]
[{"$nulls":7},"System",15,{"v":7350,"d":"7,350.00 zł"}]
[{"$nulls":7},"Zasilacz",15,{"v":1800,"d":"1,800.00 zł"}]
[{"$nulls":7},"Meble i wyposażenie wnętrz",255,{"v":65810,"d":"65,810.00 zł"}]
[{"$nulls":7},"Kanapa",2,{"v":3000,"d":"3,000.00 zł"}]
[{"$nulls":7},"Krzesło",20,{"v":22300,"d":"22,300.00 zł"}]
[{"$nulls":7},"Lada",1,{"v":1300,"d":"1,300.00 zł"}]
[{"$nulls":7},"Lampa",30,{"v":1680,"d":"1,680.00 zł"}]
[{"$nulls":7},"Stół",22,{"v":24700,"d":"24,700.00 zł"}]
[{"$nulls":7},"Szafa",10,{"v":6300,"d":"6,300.00 zł"}]
[{"$nulls":7},"Ściany",20,{"v":1580,"d":"1,580.00 zł"}]
[{"$nulls":7},"Wykładzina",150,{"v":4950,"d":"4,950.00 zł"}]
[{"$nulls":7},"Usługi Informatyczne",6,{"v":10500,"d":"10,500.00 zł"}]
[{"$nulls":7},"Fanpage",1,{"v":500,"d":"500.00 zł"}]
[{"$nulls":7},"Serwis",1,{"v":6000,"d":"6,000.00 zł"}]
[{"$nulls":7},"Szablon",4,{"v":4000,"d":"4,000.00 zł"}]
[{"$nulls":7},"Reklama",30150,{"v":2470,"d":"2,470.00 zł"}]
[{"$nulls":7},"Pendrive",150,{"v":2250,"d":"2,250.00 zł"}]
[{"$nulls":7},"Ulotki",20000,{"v":180,"d":"180.00 zł"}]
[{"$nulls":7},"Wizytówki",10000,{"v":40,"d":"40.00 zł"}]
[{"$nulls":7},"Artykuły biurowe",378,{"v":1853.6,"d":"1,853.60 zł"}]
[{"$nulls":7},"Bateria",56,{"v":123.8,"d":"123.80 zł"}]
[{"$nulls":7},"Długopis",65,{"v":70.5,"d":"70.50 zł"}]
[{"$nulls":7},"Kalendarz",20,{"v":198,"d":"198.00 zł"}]
[{"$nulls":7},"Marker",15,{"v":71.5,"d":"71.50 zł"}]
[{"$nulls":7},"Notes",30,{"v":87,"d":"87.00 zł"}]
[{"$nulls":7},"Nożyczki",3,{"v":9,"d":"9.00 zł"}]
[{"$nulls":7},"Ołówek",35,{"v":24.5,"d":"24.50 zł"}]
[{"$nulls":7},"Ręczniki",20,{"v":240,"d":"240.00 zł"}]
[{"$nulls":7},"ryza",55,{"v":825,"d":"825.00 zł"}]
[{"$nulls":7},"Taśmy",24,{"v":44.3,"d":"44.30 zł"}]
[{"$nulls":7},"Zeszyt",50,{"v":110.00000000000001,"d":"110.00 zł"}]
[{"$nulls":7},"Zszywacz",5,{"v":50,"d":"50.00 zł"}]
[{"$nulls":7},"BHP",76,{"v":1666,"d":"1,666.00 zł"}]
[{"$nulls":7},"Apteczka",11,{"v":753,"d":"753.00 zł"}]
[{"$nulls":7},"Czyściwo",45,{"v":450,"d":"450.00 zł"}]
[{"$nulls":7},"Gaśnica",7,{"v":281,"d":"281.00 zł"}]
[{"$nulls":7},"Latarka",11,{"v":165,"d":"165.00 zł"}]
[{"$nulls":7},"Tablice",2,{"v":17,"d":"17.00 zł"}]
[{"$nulls":7},"Telekomunikacja",6,{"v":1480,"d":"1,480.00 zł"}]
[{"$nulls":7},"Certyfikat",1,{"v":100,"d":"100.00 zł"}]
[{"$nulls":7},"Domena",1,{"v":100,"d":"100.00 zł"}]
[{"$nulls":7},"Hosting",1,{"v":250,"d":"250.00 zł"}]
[{"$nulls":7},"Transfer",1,{"v":130,"d":"130.00 zł"}]
[{"$nulls":7},"VPS",2,{"v":900,"d":"900.00 zł"}]
[{"$nulls":7},"Suma końcowa",32516,{"v":501386.1,"d":"501,386.10 zł"}]

{"sheet":"Arkusz1","index":2,"n_rows":18,"n_cols":2,"rows_kept":18}
[]
[]
["Etykiety wierszy","Suma z Wartość netto"]
["Energia",{"v":240000,"d":"240,000 zł"}]
["Komputer",{"v":132000,"d":"132,000 zł"}]
["Akcesoria Komputerowe",{"v":42445,"d":"42,445 zł"}]
["Stoły i biurka",{"v":26000,"d":"26,000 zł"}]
["Krzesła i siedziska",{"v":25300,"d":"25,300 zł"}]
["Usługi internetowe",{"v":11980,"d":"11,980 zł"}]
["Pojemniki i szafy",{"v":6300,"d":"6,300 zł"}]
["Wykładziny i pokrycia powierzchni",{"v":4950,"d":"4,950 zł"}]
["Sieć komputerowa",{"v":3161.5,"d":"3,162 zł"}]
["Reklama i promocja",{"v":2470,"d":"2,470 zł"}]
["Akcesoria biurowe",{"v":1853.6,"d":"1,854 zł"}]
["Oświetlenie",{"v":1680,"d":"1,680 zł"}]
["BHP",{"v":1666,"d":"1,666 zł"}]
["Inne",{"v":1580,"d":"1,580 zł"}]
["Suma końcowa",{"v":501386.1,"d":"501,386 zł"}]